000
00347 a2200169 4500
001
188261
020
_a
85-00-41273-9
040
_c
Magnum
100
_a
Platao
240
1
0
_a
Diálogos III
_l
por
245
1
0
_a
Diálogos III
300
_a
236
362
0
_a
1996
440
1
_a
Ediouro
697
_a
FILOSOFIA E DISCIPLINAS AFINS
942
_c
BK
999
_c
188261
_d
188261